| 000 | 00518nam a22001817a 4500 | ||
|---|---|---|---|
| 003 | KOHA_MİRAKIL | ||
| 005 | 20251218105802.0 | ||
| 008 | 251218b tu ||||| |||| 00| 0 tur d | ||
| 020 | _a9789751757692 | ||
| 040 |
_aTR-AnABB _btur _cTR-AnABB |
||
| 041 | _atur | ||
| 082 |
_a745.67 _bYAZ 2023 |
||
| 245 | 1 | 0 | _aYazma Kur'an-ı Kerim sergisi kataloğu / |
| 260 |
_aİstanbul : _bTürkiye Yazma Eserler Kurumu Başkanlığı, _c2023 |
||
| 300 |
_a121 sayfa ; _c28 cm |
||
| 650 | 0 | 4 | _aEl yazmaları |
| 942 |
_2ddc _cBK |
||
| 999 |
_c9766 _d9766 |
||
| 900 | _bGizem YORULMAZ | ||